Realities. (Record no. 13976)

000 -LEADER
fixed length control field 00539nam a2200181 a 4500
001 - CONTROL NUMBER
control field :::00011800$&:&@@
003 - CONTROL NUMBER IDENTIFIER
control field OkBaRHE
005 - DATE AND TIME OF LATEST TRANSACTION
control field 20000607103412.0
008 - FIXED-LENGTH DATA ELEMENTS--GENERAL INFORMATION
fixed length control field s1966 j 000 0 eng u
040 ## - CATALOGING SOURCE
Transcribing agency
100 1# - MAIN ENTRY--PERSONAL NAME
Personal name Schlink, M. Basilea.
245 10 - TITLE STATEMENT
Title Realities.
260 ## - PUBLICATION, DISTRIBUTION, ETC. (IMPRINT)
Place of publication, distribution, etc Grand Rapids, MI., :
Name of publisher, distributor, etc Zondervan Publishing Company
Date of publication, distribution, etc c1966
300 ## - PHYSICAL DESCRIPTION
Extent 141 p. ;
Dimensions 21 cm.
650 ## - SUBJECT ADDED ENTRY--TOPICAL TERM
Topical term or geographic name as entry element Miracles
942 ## - ADDED ENTRY ELEMENTS (KOHA)
Source of classification or shelving scheme
Koha item type Books
Copies
Not for loan Date acquired Lost status Withdrawn status Date last seen Koha item type Barcode Permanent Location Shelving location Price effective from Source of classification or shelving scheme Damaged status Full call number Copy number
 2010-04-14  2010-04-14Books11800RHEMA Bible Training CollegeGeneral Stacks2010-04-14  BX 8071.5 .S33131